Statistics for Controversial Countries by Picture

Click here to take the quiz!

General Stats

  • This quiz has been taken 37 times
    (13 since last reset)
  • The average score is 13 of 18

Answer Stats

Answer% Correct
Kosovo
100%
China
92%
Cyprus
92%
Armenia
85%
Israel
77%
Palestine
77%
Taiwan
77%
Afghanistan
69%
Catalonia
69%
North Korea
69%
South Korea
69%
Somaliland
62%
Turkish Republic of Northern Cyprus
62%
Western Sahara
62%
Basque Country
54%
Transnistria
54%
Abkhazia
46%
South Ossetia
46%

Score Distribution

Percentile by Number Answered

Percent of People with Each Score

Your Score History

You have not taken this quiz since the last reset